000 00881nam a22002297a 4500
999 _c2944
_d2944
003 AR-CdUCM
008 190305b ||||| |||| 00| 0 spa d
040 _aMUNICIPALIDAD PROVINCIAL DEL CUSCO
_cBIBLIOTECA MUNICIPAL DEL CUSCO
082 _a375.47 /
_bAL44
100 _aAlmendros, Herminio
_910091
245 _aLa Imprenta en la Escuela :
_bLa tecnica Freinet /
260 _aBuenos Aires :
_bLosada,
_c1947.
300 _a111 paginas ;
_c18cm.
440 _aLs escuela Activa
_n19
_910092
500 _aComo método de enseñanza de la lectura y composición escolar
505 _aContenido- Una tecnica pedagogica -- Los primeros pasos de una tecnica -- Consideraciones y extension de la tecnica -- Descripcion del material
650 _aImprenta escolar
_910093
650 _aLectura
_92069
650 _aEstudio y enseñanza
_92610
942 _2ddc
_cLIBROS
945 _apjha